Statistiken für Namen chemischer Verbindungen

Klicken Sie hier um das Quiz zu spielen!

Allgemein

  • Dieses Quiz wurde 735 mal gespielt
  • Das Durchschnittsergebnis liegt bei 9 aus 15

Antwortstatistiken

FormelName% Korrekt
CO₂Kohlendioxid
97%
NaClNatriumchlorid
85%
COKohlenmonoxid
81%
CH₄Methan
69%
HClSalzsäure
69%
H₂SO₄Schwefelsäure
69%
H₂O₂Wasserstoffperoxid
60%
NH₃Ammoniak
58%
CaCO₃Kalziumkarbonat
52%
NaOHNatriumhydroxid
50%
HNO₃Salpetersäure
48%
CH₃COOHEssigsäure
41%
NaNO₃Natriumnitrat
41%
NH₄ClAmmoniumchlorid
36%
NaHCO₃Natriumhydrogenkarbonat
34%

Verteilung der Resultate

Perzentil nach korrekt beantworteten Fragen

Anzahl Personen mit jedem Resultat

Ihre Resultats-Entwicklung

Sie haben dieses Quiz noch nicht gespielt